| 000 | 00430nam a2200157Ia 4500 | ||
|---|---|---|---|
| 008 | 240729s9999 xx 000 0 und d | ||
| 022 | _a2217-7965 | ||
| 245 | 0 | _aTribology in Industry | |
| 260 | _aSerbia | ||
| 260 | _bUniversity of Kragujevac | ||
| 650 | _a Mechanical engineering and machinery | ||
| 650 | _aTechnology | ||
| 856 | _uhttps://doaj.org/toc/ea6f0dcd35b5484982bc95e6d98a427b | ||
| 942 | _2ddc | ||
| 942 | _cDOAJEJ | ||
| 999 |
_c70473 _d70473 |
||
| 945 |
_a1 _bMadushi Gamage _c1 _dMadushi Gamage |
||